Colloidal gold : principles, methods, and applications /

Guardado en:
Otros Autores: Hayat, M. A., 1936-, (Editor , ed.)
Formato: Libro
Idioma:English
Publicado: San Diego : Academic Press, c1989-
Materias:
Acceso en línea:Descripción
Tabla de contenido
Etiquetas: Agregar Etiqueta
Sin Etiquetas, Sea el primero en etiquetar este registro!
LEADER 01176cam a22003015a 4500
001 EIQ.libpla003995
008 880818m19009999cauao####b####001#0#eng#d
005 20080423194545.0
245 0 0 |a Colloidal gold :  |b principles, methods, and applications /  |c edited by M.A. Hayat. 
260 |a San Diego :  |b Academic Press,  |c c1989- 
300 |a v. :  |b il., fotos ;  |c 24 cm. 
504 |a Incluye referencias bibliográficas e índices. 
020 |a 0123339278 (v. 1) 
020 |a 0123339286 (v. 2) 
700 1 |a Hayat, M. A.,  |d 1936-,  |e ed.  |4 edt 
082 0 0 |a 574.87/6042  |2 19 
650 4 |a Inmunocitoquímica  |x Técnica. 
650 4 |a Microscopía  |x Técnica. 
650 4 |a Proteínas  |x Análisis. 
650 0 |a Immunocytochemistry  |x Technique. 
650 0 |a Microscopy  |x Technique. 
650 0 |a Proteins  |x Analysis. 
010 |a  88007361  
040 |a DLC  |c DLC  |d AR-BbSID 
856 4 2 |3 Descripción  |u http://www.loc.gov/catdir/description/els032/88007361.html 
856 4 1 |3 Tabla de contenido  |u http://www.loc.gov/catdir/toc/els031/88007361.html 
859 |a AR-BbSID  |b BIB. PLAPIQUI  |h 574.87  |i C 578  |p 5503  |3 Vol. 1 
859 |a AR-BbSID  |b BIB. PLAPIQUI  |h 574.87  |i C 578  |p 5504  |v Vol. 2  |3 Vol. 2